[Event "Madrid Chamartin op 8th"]
[Site "Madrid"]
[Date "2019.09.13"]
[Round "7"]
[White "Fernandez Aransay, Fernando"]
[Black "Carrasco Coquillat, Jorge"]
[Result "1-0"]
[WhiteElo "1786"]
[BlackElo "1923"]
[PlyCount "115"]
[EventDate "2019.09.09"]
[EventType "swiss"]
[EventRounds "9"]
[EventCountry "ESP"]
[SourceTitle "CBM 192 Extra"]
[Source "Chessbase"]
[SourceDate "2019.11.06"]
[SourceVersion "1"]
[SourceVersionDate "2019.11.06"]
[SourceQuality "1"]

1. e4 c5 2. Nf3 d6 3. d4 cxd4 4. Nxd4 Nf6 5. Nc3 g6 6. Bc4 Bg7 7. Bb3 0-0 8. h3 Nc6 9. Be3 Na5 10. 0-0 b6 11. Qd3 Bb7 12. Rfe1 Nd7 13. Bd5 Ne5 14. Qe2 Bxd5 15. exd5 Nec4 16. b3 Nxe3 17. Qxe3 Rc8 18. Rad1 Re8 19. Nce2 Qd7 20. c4 Nb7 21. Qf3 Nd8 22. h4 a6 23. h5 e5 24. dxe6 Nxe6 25. Nxe6 Rxe6 26. hxg6 hxg6 27. Ng3 Rce8 28. Rxe6 Qxe6 29. Qc6 Be5 30. Re1 Rb8 31. Kf1 Qc8 32. Qf3 b5 33. Rc1 Qb7 34. Qe3 Bxg3 35. Qxg3 Qc6 36. Qf4 Rc8 37. Rc3 bxc4 38. Qxc4 Qxc4+ 39. Rxc4 Rxc4 40. bxc4 Kf8 41. Ke2 Ke7 42. Kd3 Kd7 43. Kd4 Kc6 44. a3 f6 45. f3 Kc7 46. Kd5 Kd7 47. f4 f5 48. g3 Ke7 49. a4 Kd7 50. c5 dxc5 51. Kxc5 Kc7 52. a5 Kb7 53. Kd6 Kb8 54. Ke6 Kb7 55. Kf6 Kc6 56. Kxg6 Kb5 57. Kxf5 Kxa5 58. g4 1-0

[Event "Collado Villalba op-A 36th"]
[Site "Collado Villalba"]
[Date "2019.08.26"]
[Round "4"]
[White "Carrasco Coquillat, Jorge"]
[Black "Lopez Mijail, Nicolas"]
[Result "0-1"]
[WhiteElo "1923"]
[BlackElo "2043"]
[PlyCount "94"]
[EventDate "2019.08.23"]
[EventType "swiss"]
[EventRounds "9"]
[EventCountry "ESP"]
[SourceTitle "CBM 192 Extra"]
[Source "Chessbase"]
[SourceDate "2019.11.06"]
[SourceVersion "1"]
[SourceVersionDate "2019.11.06"]
[SourceQuality "1"]

1. e4 c5 2. Nf3 e6 3. d4 cxd4 4. Nxd4 Nc6 5. Nc3 Qc7 6. Be3 a6 7. Qf3 Bd6 8. 0-0-0 Be5 9. g3 Nge7 10. Qe2 Bxd4 11. Bxd4 Nxd4 12. Rxd4 Nc6 13. Rd2 0-0 14. f4 d6 15. Bg2 b5 16. Rhd1 b4 17. Na4 e5 18. Rxd6 Nd4 19. R1xd4 exd4 20. Rxd4 Rb8 21. Qd2 a5 22. b3 Ba6 23. Rd7 Qc8 24. Nb2 Bb5 25. Rd5 Rd8 26. e5 Rxd5 27. Qxd5 Qc7 28. Nc4 Bxc4 29. Qxc4 Qa7 30. Bd5 Rd8 31. Kb2 Kf8 32. f5 Qe3 33. Qe4 Qxe4 34. Bxe4 Re8 35. Bd3 Rxe5 36. a3 Ke7 37. axb4 axb4 38. c3 Re3 39. Kc2 Rf3 40. cxb4 Rf2+ 41. Kc3 Rxh2 42. Ba6 Kd6 43. b5 Kc5 44. b4+ Kb6 45. f6 g5 46. Bc8 Rf2 47. g4 Rxf6 0-1

[Event "Tres Cantos op 11th"]
[Site "Tres Cantos"]
[Date "2019.06.27"]
[Round "6"]
[White "Carrasco Coquillat, Jorge"]
[Black "Gallardo Garcia, Andres"]
[Result "0-1"]
[WhiteElo "1908"]
[BlackElo "2316"]
[PlyCount "70"]
[EventDate "2019.06.22"]
[EventType "swiss"]
[EventRounds "9"]
[EventCountry "ESP"]
[SourceTitle "CBM 195 Extra"]
[Source "ChessBase"]
[SourceDate "2020.05.31"]
[SourceVersion "1"]
[SourceVersionDate "2020.05.31"]
[SourceQuality "1"]

1. e4 c6 2. d4 d5 3. Nd2 dxe4 4. Nxe4 Nd7 5. Ng5 Ngf6 6. Bd3 e6 7. Qe2 Bd6 8. N1f3 h6 9. Ne4 Nxe4 10. Qxe4 Qc7 11. Bd2 c5 12. c3 cxd4 13. cxd4 Nf6 14. Qe2 0-0 15. 0-0 Qb6 16. Bc3 Bd7 17. Ne5 Bc6 18. Nc4 Qd8 19. Nxd6 Qxd6 20. Bc4 Bd5 21. Bd3 Rfc8 22. Qe5 Qc6 23. f3 Qb6 24. Kh1 Bc4 25. Bxc4 Rxc4 26. Rfd1 Nd5 27. Rac1 Rac8 28. Qe1 Qa6 29. Qd2 b5 30. a3 Qa4 31. Bb4 Rxc1 32. Rxc1 Rxc1+ 33. Qxc1 Nxb4 34. axb4 Qxb4 35. h3 Qxd4 0-1

[Event "Tres Cantos op 11th"]
[Site "Tres Cantos"]
[Date "2019.06.22"]
[Round "1"]
[White "Carrasco Coquillat, Jorge"]
[Black "Guerrero Vargas, Andres Jesus"]
[Result "0-1"]
[WhiteElo "1908"]
[BlackElo "2331"]
[PlyCount "72"]
[EventDate "2019.06.22"]
[EventType "swiss"]
[EventRounds "9"]
[EventCountry "ESP"]
[SourceTitle "CBM 195 Extra"]
[Source "ChessBase"]
[SourceDate "2020.05.31"]
[SourceVersion "1"]
[SourceVersionDate "2020.05.31"]
[SourceQuality "1"]

1. e4 c5 2. Nf3 e6 3. d4 cxd4 4. Nxd4 Nc6 5. Nc3 Qc7 6. Be3 a6 7. Qf3 d6 8. 0-0-0 Bd7 9. Kb1 Nf6 10. Qg3 Rc8 11. f3 b5 12. Bxb5 axb5 13. Ndxb5 Qb8 14. Nxd6+ Bxd6 15. Qxd6 Qxd6 16. Rxd6 Ne5 17. Bg5 h6 18. Bh4 g5 19. Bg3 Nc4 20. Rd3 Nh5 21. Rhd1 Bc6 22. b3 Nxg3 23. hxg3 Ne5 24. Rd4 h5 25. Kb2 h4 26. Rh1 Ke7 27. gxh4 Rxh4 28. Rxh4 gxh4 29. Ne2 Rg8 30. Nf4 Rg3 31. Rd2 Nxf3 32. gxf3 Rxf3 33. Nd3 Bxe4 34. Rh2 h3 35. Nf2 Rxf2 36. Rxf2 Bg2 0-1

[Event "Madrid Chamartin op 7th"]
[Site "Madrid"]
[Date "2018.09.06"]
[Round "5"]
[White "Camarero Izquierdo, Juan Carlos"]
[Black "Carrasco Coquillat, Jorge"]
[Result "0-1"]
[WhiteElo "1919"]
[BlackElo "1838"]
[PlyCount "90"]
[EventDate "2018.09.03"]
[EventType "swiss"]
[EventRounds "9"]
[EventCountry "ESP"]
[SourceTitle "CBM 187 Extra"]
[Source "ChessBase"]
[SourceDate "2018.11.04"]
[SourceVersion "1"]
[SourceVersionDate "2018.11.04"]
[SourceQuality "1"]

1. d4 Nf6 2. Nc3 d5 3. Bg5 Nbd7 4. f3 h6 5. Bh4 c5 6. e4 dxe4 7. d5 Qb6 8. Bb5 g5 9. Bf2 a6 10. Bxd7+ Bxd7 11. fxe4 Ng4 12. Nh3 Qxb2 13. Ne2 Qb4+ 14. c3 Qxe4 15. 0-0 Ne3 16. Bxe3 Qxe3+ 17. Nf2 Bg7 18. Kh1 Bb5 19. Ng3 Bxf1 20. Qxf1 Bxc3 21. Nd1 Qe1 22. Nxc3 Qxc3 23. Nf5 Rd8 24. Re1 Rd7 25. d6 e6 26. Ng3 Rxd6 27. Ne4 Qd4 28. Nxd6+ Qxd6 29. Qf3 0-0 30. Qf6 Kh7 31. h4 Qf4 32. Qxf4 gxf4 33. Re4 Kg7 34. Rxf4 b5 35. Rf3 Rc8 36. Kg1 c4 37. Rf1 b4 38. Kf2 a5 39. Ke3 b3 40. Kd2 c3+ 41. Kc1 a4 42. a3 Rb8 43. g4 b2+ 44. Kb1 Rb3 45. Rf2 Rxa3 0-1

[Event "Madrid Chamartin op 7th"]
[Site "Madrid"]
[Date "2018.09.03"]
[Round "1"]
[White "Carrasco Coquillat, Jorge"]
[Black "Ruiz Grau, David"]
[Result "1-0"]
[WhiteElo "1838"]
[BlackElo "1289"]
[PlyCount "117"]
[EventDate "2018.09.03"]
[EventType "swiss"]
[EventRounds "9"]
[EventCountry "ESP"]
[SourceTitle "CBM 187 Extra"]
[Source "ChessBase"]
[SourceDate "2018.11.04"]
[SourceVersion "1"]
[SourceVersionDate "2018.11.04"]
[SourceQuality "1"]

1. c4 c6 2. Nf3 Nf6 3. d4 d5 4. e3 Bg4 5. cxd5 Bxf3 6. Qxf3 Qxd5 7. Qxd5 Nxd5 8. a3 Nd7 9. Nc3 N7f6 10. Nxd5 Nxd5 11. e4 Nf6 12. f3 e6 13. Be3 Be7 14. Bc4 0-0 15. 0-0 b5 16. Be2 a6 17. Rfc1 Rac8 18. a4 Nd7 19. axb5 axb5 20. Rc2 h6 21. Rac1 Nb8 22. Bxb5 Bg5 23. Bxg5 hxg5 24. Bxc6 Rxc6 25. Rxc6 Nxc6 26. Rxc6 Rb8 27. Rc2 f5 28. exf5 exf5 29. Kf1 Kf7 30. Ke2 Ke6 31. Kd3 g4 32. fxg4 fxg4 33. Rc6+ Kd5 34. Rc5+ Kd6 35. Rg5 Rxb2 36. Rxg4 Kd5 37. Rg5+ Kd6 38. Rxg7 Rb3+ 39. Kc4 Rb1 40. g4 Rc1+ 41. Kd3 Rh1 42. Rh7 Rg1 43. h3 Rg3+ 44. Ke4 Ke6 45. d5+ Kd6 46. Rh6+ Ke7 47. d6+ Kd7 48. Kd5 Rd3+ 49. Ke5 Re3+ 50. Kf4 Re1 51. g5 Rf1+ 52. Kg4 Rg1+ 53. Kh5 Rd1 54. Rf6 Rxd6 55. Rxd6+ Kxd6 56. g6 Ke6 57. Kh6 Ke7 58. g7 Kf7 59. Kh7 1-0

[Event "Collado Villalba op-A 35th"]
[Site "Collado Villalba"]
[Date "2018.08.24"]
[Round "1"]
[White "Khudov, Oleksandr"]
[Black "Carrasco Coquillat, Jorge"]
[Result "1-0"]
[WhiteElo "2021"]
[BlackElo "1799"]
[PlyCount "107"]
[EventDate "2018.08.24"]
[EventType "swiss"]
[EventRounds "9"]
[EventCountry "ESP"]
[SourceTitle "CBM 186 Extra"]
[Source "ChessBase"]
[SourceDate "2018.08.24"]
[SourceVersion "1"]
[SourceVersionDate "2018.08.24"]
[SourceQuality "1"]

1. d4 Nf6 2. Bf4 e6 3. e3 c5 4. c3 Nc6 5. Nf3 d5 6. Nbd2 Bd6 7. Bg3 0-0 8. Bd3 b6 9. Ne5 Bb7 10. 0-0 Qc7 11. f4 Ne7 12. Qf3 Nf5 13. Rad1 Be7 14. Rfe1 Nd6 15. Bh4 Nfe4 16. Bxe7 Qxe7 17. Bxe4 dxe4 18. Qe2 cxd4 19. exd4 f5 20. Nf1 Rac8 21. Ne3 Nf7 22. Rd2 Rfd8 23. Red1 g6 24. g3 Kg7 25. Kf2 Rc7 26. Kg2 Nxe5 27. dxe5 Rcd7 28. Kf2 Rxd2 29. Rxd2 Ba6 30. c4 Rxd2 31. Qxd2 Kf7 32. a3 Qc7 33. Qd4 Ke7 34. b4 Qd7 35. Qxd7+ Kxd7 36. g4 Bb7 37. gxf5 exf5 38. h4 h5 39. Ke2 Ke6 40. Kd2 a6 41. Nc2 Ba8 42. Kc3 Bb7 43. Kd4 Bc6 44. Ne3 Bb7 45. a4 Bc6 46. a5 b5 47. Kc5 Bd7 48. Nc2 bxc4 49. Nd4+ Ke7 50. Kxc4 Bb5+ 51. Nxb5 axb5+ 52. Kd4 Kd7 53. a6 Kc6 54. e6 1-0

[Event "Collado Villalba 64 op 6th"]
[Site "Collado Villalba"]
[Date "2018.07.09"]
[Round "3"]
[White "Carrasco Coquillat, Jorge"]
[Black "Aziz Ortego, Omar Luis"]
[Result "0-1"]
[WhiteElo "1858"]
[BlackElo "2059"]
[PlyCount "108"]
[EventDate "2018.07.08"]
[EventType "swiss"]
[EventRounds "7"]
[EventCountry "ESP"]
[SourceTitle "EXT 2019"]
[Source "ChessBase"]
[SourceDate "2018.10.10"]
[SourceVersion "1"]
[SourceVersionDate "2018.10.10"]
[SourceQuality "1"]

1. c4 f5 2. g3 Nf6 3. Bg2 e6 4. b3 d5 5. Bb2 c6 6. e3 Nbd7 7. Ne2 Bd6 8. 0-0 0-0 9. d3 Ne5 10. d4 Neg4 11. h3 Nh6 12. Nd2 Bd7 13. Nf3 Be8 14. Nf4 Qe7 15. Ng5 Bd7 16. Nf3 Ne4 17. Ne5 Be8 18. Rc1 Rd8 19. a3 Bxe5 20. dxe5 dxc4 21. Qc2 Rd2 22. Bxe4 Rxc2 23. Bxc2 g5 24. Ne2 Bh5 25. Nd4 c5 26. Nb5 Bf3 27. bxc4 g4 28. h4 Nf7 29. Nxa7 Ng5 30. Nb5 b6 31. Nd6 Ba8 32. hxg5 Bf3 33. Rfd1 Qxg5 34. Kf1 Qh5 35. Ke1 Qh2 36. Kd2 Qxf2+ 37. Kc3 Qxe3+ 38. Rd3 Qxe5+ 39. Kb3 Qxg3 40. Nb5 e5 41. Ka2 h5 42. Rd6 h4 43. Re6 Be2 44. Bb3 e4 45. Re7 Rf7 46. Re8+ Kh7 47. Be5 Qf2 48. Rh8+ Kg6 49. Rg8+ Kh6 50. Rc2 g3 51. Nc3 Bd3 52. Rxf2 gxf2 53. Nd5 f1Q 54. Bf4+ Kh7 0-1

[Event "Collado Villalba 64 op 6th"]
[Site "Collado Villalba"]
[Date "2018.07.08"]
[Round "2"]
[White "Pardo Robles, Jose Manuel"]
[Black "Carrasco Coquillat, Jorge"]
[Result "0-1"]
[WhiteElo "1783"]
[BlackElo "1858"]
[PlyCount "48"]
[EventDate "2018.07.08"]
[EventType "swiss"]
[EventRounds "7"]
[EventCountry "ESP"]
[SourceTitle "EXT 2019"]
[Source "ChessBase"]
[SourceDate "2018.10.10"]
[SourceVersion "1"]
[SourceVersionDate "2018.10.10"]
[SourceQuality "1"]

1. e4 c5 2. Nf3 d6 3. d4 cxd4 4. Nxd4 Nf6 5. Nc3 g6 6. f3 Bg7 7. Be3 0-0 8. Qd2 Nc6 9. 0-0-0 d5 10. exd5 Nxd5 11. Nxc6 bxc6 12. Nxd5 cxd5 13. Qxd5 Qc7 14. Qc5 Qb7 15. Bd4 Bf5 16. Qb5 Qc7 17. Qc5 Qxc5 18. Bxc5 Rfc8 19. b4 a5 20. Bd3 axb4 21. Bxb4 Bxd3 22. Rxd3 Rxa2 23. Kd2 Bh6+ 24. Re3 Rd8+ 0-1

[Event "Madrid-ch Previa-A"]
[Site "Madrid"]
[Date "2018.02.05"]
[Round "1"]
[White "Carrasco Coquillat, Jorge"]
[Black "Perales Hernandez, Manuel"]
[Result "1-0"]
[WhiteElo "1726"]
[BlackElo "1345"]
[PlyCount "93"]
[EventDate "2018.02.05"]
[EventType "swiss"]
[EventRounds "9"]
[EventCountry "ESP"]
[SourceTitle "EXT 2020"]
[Source "ChessBase"]
[SourceDate "2019.10.17"]
[SourceVersion "1"]
[SourceVersionDate "2019.10.17"]
[SourceQuality "1"]

1. c4 c6 2. Nf3 e6 3. b3 Qf6 4. Nc3 d6 5. Bb2 Na6 6. e3 Bd7 7. d4 0-0-0 8. a3 Qe7 9. b4 Nc7 10. Rc1 f5 11. b5 d5 12. Ne5 Be8 13. Be2 g6 14. bxc6 Bxc6 15. Nxc6 bxc6 16. Qa4 Kb7 17. Rb1 Qd7 18. Ba1+ Ka8 19. c5 Bg7 20. Qa5 Ne7 21. Na4 Nc8 22. Qb4 Nb5 23. Nc3 Ne7 24. Nxb5 Rb8 25. Qa5 cxb5 26. Bxb5 Qd8 27. Qa6 Qc7 28. 0-0 Rb7 29. Qxe6 Bh6 30. Qd6 f4 31. Ba6 Qxd6 32. Bxb7+ Kb8 33. cxd6 Nc8 34. Bxd5+ Nb6 35. e4 Rd8 36. e5 Kc8 37. Be6+ Kb7 38. Rfc1 f3 39. Rc7+ Ka6 40. Rxh7 Bf4 41. gxf3 Bg5 42. Bc3 Rf8 43. Rf7 Rh8 44. a4 Rh4 45. a5 Bf4 46. axb6 axb6 47. Bc8# 1-0

[Event "Collado Villalba op-B 34th"]
[Site "Collado Villalba"]
[Date "2017.08.29"]
[Round "8"]
[White "Carrasco Coquillat, Jorge"]
[Black "Cuellar Gutierrez, Raul"]
[Result "0-1"]
[WhiteElo "1654"]
[BlackElo "1878"]
[PlyCount "158"]
[EventDate "2017.08.22"]
[EventType "swiss"]
[EventRounds "9"]
[EventCountry "ESP"]
[SourceTitle "CBM 180 Extra"]
[Source "ChessBase"]
[SourceDate "2017.10.06"]
[SourceVersion "1"]
[SourceVersionDate "2017.10.06"]
[SourceQuality "1"]

1. c4 Nf6 2. Nc3 g6 3. g3 Bg7 4. Bg2 c6 5. Nf3 0-0 6. 0-0 d5 7. cxd5 cxd5 8. d4 Nc6 9. e3 Bf5 10. Bd2 Qd7 11. a3 Bh3 12. Rc1 Bxg2 13. Kxg2 Rfe8 14. b4 a6 15. Qb3 Rad8 16. Rfd1 h6 17. Rc2 Qg4 18. Ra2 e6 19. Rc1 Ne4 20. Nxe4 dxe4 21. Ne1 h5 22. Qd1 Qf5 23. Qe2 h4 24. a4 hxg3 25. fxg3 Re7 26. b5 Nb8 27. Rac2 Qd5 28. Qc4 Qf5 29. Qb4 Bf8 30. Qb3 Red7 31. Ba5 Re8 32. Rc7 Rxc7 33. Rxc7 Nc6 34. Bc3 axb5 35. Qxb5 Qxb5 36. axb5 Nd8 37. Rd7 b6 38. Nc2 Be7 39. Nb4 e5 40. Nc6 Nxc6 41. bxc6 Kf8 42. d5 Rc8 43. Bxe5 Ke8 44. d6 Bd8 45. Ra7 Rxc6 46. Ra4 f5 47. Rd4 Kd7 48. h3 Rc2+ 49. Kf1 Rc5 50. Bg7 Ke6 51. Rd2 Rd5 52. Rxd5 Kxd5 53. Bf8 Ke6 54. Ke2 Bf6 55. Kd2 Be5 56. g4 fxg4 57. hxg4 Bxd6 58. Bg7 Be5 59. Bf8 Kf6 60. Bh6 Ke6 61. Bf8 Kd5 62. Bb4 Kc4 63. Ba3 b5 64. Kc2 b4 65. Bc1 b3+ 66. Kb1 Kd3 67. g5 b2 68. Bxb2 Bxb2 69. Kxb2 Kxe3 70. Kc3 Kf2 71. Kd4 e3 72. Ke5 e2 73. Kf6 e1Q 74. Kxg6 Qe8+ 75. Kh7 Qf7+ 76. Kh6 Qg8 77. g6 Kf3 78. g7 Kf4 79. Kg6 Ke5 0-1

[Event "Collado Villalba op-B 34th"]
[Site "Collado Villalba"]
[Date "2017.08.26"]
[Round "5"]
[White "Carrasco Coquillat, Jorge"]
[Black "Alameda Arellano, Cristeto"]
[Result "1-0"]
[WhiteElo "1654"]
[BlackElo "1577"]
[PlyCount "57"]
[EventDate "2017.08.22"]
[EventType "swiss"]
[EventRounds "9"]
[EventCountry "ESP"]
[SourceTitle "CBM 180 Extra"]
[Source "ChessBase"]
[SourceDate "2017.10.06"]
[SourceVersion "1"]
[SourceVersionDate "2017.10.06"]
[SourceQuality "1"]

1. c4 c6 2. Nf3 Nf6 3. Nc3 d5 4. cxd5 cxd5 5. d4 Bf5 6. Bf4 Nc6 7. e3 a6 8. Bd3 Bxd3 9. Qxd3 e6 10. h3 Bd6 11. Bxd6 Qxd6 12. 0-0 0-0 13. Rfe1 Rfd8 14. a3 b5 15. b4 Rac8 16. Rac1 Nd7 17. Nd2 e5 18. Nb3 e4 19. Qb1 Nb6 20. Nc5 Nc4 21. Nb7 Nxa3 22. Nxd6 Nxb1 23. Nxc8 Nd2 24. Nxd5 Nc4 25. Nce7+ Nxe7 26. Nxe7+ Kf8 27. Nf5 Rd5 28. Ng3 f5 29. Ra1 1-0

[Event "Madrid San Viator op-B 28th"]
[Site "Madrid"]
[Date "2017.06.04"]
[Round "9"]
[White "Del Noval Nemeshazi, Mario"]
[Black "Carrasco Coquillat, Jorge"]
[Result "0-1"]
[WhiteElo "1371"]
[BlackElo "1468"]
[PlyCount "62"]
[EventDate "2017.03.26"]
[EventType "swiss"]
[EventRounds "9"]
[EventCountry "ESP"]
[SourceTitle "EXT 2019"]
[Source "ChessBase"]
[SourceDate "2018.10.10"]
[SourceVersion "1"]
[SourceVersionDate "2018.10.10"]
[SourceQuality "1"]

1. e4 c5 2. Nf3 d6 3. d4 cxd4 4. Nxd4 Nf6 5. Nc3 g6 6. Be3 Bg7 7. Qd2 0-0 8. 0-0-0 Ng4 9. Bc4 Nxe3 10. Qxe3 Nc6 11. Nxc6 bxc6 12. Kb1 Qa5 13. Bb3 Rb8 14. f3 c5 15. g4 Bxc3 16. bxc3 c4 17. h4 cxb3 18. cxb3 Be6 19. Kb2 Qa4 20. c4 Qxc4 21. h5 Qc5 22. Qd2 a5 23. hxg6 fxg6 24. Qh6 Qe5+ 25. Kb1 Qg7 26. Qg5 a4 27. Rh3 axb3 28. a4 Qc3 29. Rc1 Qd3+ 30. Kb2 Qd4+ 31. Ka3 b2 0-1

[Event "Madrid-ch U14"]
[Site "Madrid"]
[Date "2016.04.24"]
[Round "6"]
[White "Quispe Arteaga, Gabriel"]
[Black "Carrasco Coquillat, Jorge"]
[Result "1-0"]
[WhiteElo "2068"]
[BlackElo "1417"]
[PlyCount "47"]
[EventDate "2016.04.16"]
[EventType "tourn"]
[EventRounds "7"]
[EventCountry "ESP"]
[SourceTitle "CBM 172 Extra"]
[Source "ChessBase"]
[SourceDate "2016.06.21"]
[SourceVersion "1"]
[SourceVersionDate "2016.06.21"]
[SourceQuality "1"]

1. d4 d5 2. e3 Nf6 3. c4 e6 4. Nf3 Be7 5. Bd3 0-0 6. 0-0 b6 7. Nc3 Bb7 8. b3 Nbd7 9. Bb2 Rc8 10. Qe2 a5 11. e4 dxe4 12. Nxe4 Nxe4 13. Bxe4 Bxe4 14. Qxe4 Bf6 15. Rad1 Qe7 16. Rfe1 Rfe8 17. Bc1 c5 18. d5 exd5 19. Qxd5 Ne5 20. Nxe5 Bxe5 21. Bf4 Rcd8 22. Qxe5 Rxd1 23. Rxd1 Qxe5 24. Bxe5 1-0

[Event "Madrid-ch U14"]
[Site "Madrid"]
[Date "2016.04.17"]
[Round "3"]
[White "Carrasco Coquillat, Jorge"]
[Black "Lianes Garcia, Marcos"]
[Result "0-1"]
[WhiteElo "1417"]
[BlackElo "2221"]
[PlyCount "64"]
[EventDate "2016.04.16"]
[EventType "tourn"]
[EventRounds "7"]
[EventCountry "ESP"]
[SourceTitle "CBM 172 Extra"]
[Source "ChessBase"]
[SourceDate "2016.06.21"]
[SourceVersion "1"]
[SourceVersionDate "2016.06.21"]
[SourceQuality "1"]

1. c4 c5 2. Nc3 Nf6 3. Nf3 g6 4. g3 Bg7 5. Bg2 Nc6 6. 0-0 d6 7. d4 cxd4 8. Nxd4 Bd7 9. a3 0-0 10. b4 Nxd4 11. Qxd4 Ng4 12. Qd2 Ne5 13. Bxb7 Nxc4 14. Qd3 Rb8 15. Qxc4 Rxb7 16. Bd2 Rc7 17. Qd3 Be6 18. Rac1 Bc4 19. Qe3 d5 20. Qf3 e6 21. a4 Qd7 22. b5 Rfc8 23. Rfe1 f5 24. g4 d4 25. Nd1 e5 26. gxf5 gxf5 27. Nb2 Bd5 28. Rxc7 Rxc7 29. Qh3 Rc2 30. Bc1 Qc8 31. Nd3 e4 32. Nb4 Rxc1 0-1